| 000 | 00396nam a2200157Ia 4500 | ||
|---|---|---|---|
| 003 | SGT | ||
| 020 | _a9788177583786 | ||
| 082 | _a005.13 | ||
| 100 | _aROYCE,WALKER | ||
| 245 | _aSOFTWARE PROJECT MANAGEMENT | ||
| 260 |
_bPEARSON _aN.DELHI _c2013 |
||
| 300 | _a606p. | ||
| 650 | _aCOMPUTER PROGRAMMING, PROGRAMS & DATA | ||
| 653 | _aSOFTWARE MANAGEMENT,EVOLUTION OF SOFTWARE, | ||
| 942 |
_2ddc _cBK _01 |
||
| 999 |
_c5518 _d5518 |
||